2024 ATP Stat Leaders - Statistics

General Stats
  • This quiz has been taken 34 times
  • The average score is 59 of 80
Answer Stats
Category Rank Answer % Correct
3 8.54 Carlos Alcaraz
100%
4 8.08 Carlos Alcaraz
100%
2 162.2 Carlos Alcaraz
100%
9 234.6 Carlos Alcaraz
100%
2 57.78 Carlos Alcaraz
100%
Forehand 1 8.87 Jannik Sinner
100%
Backhand 1 8.46 Jannik Sinner
100%
5 295.6 Jannik Sinner
100%
3 158.4 Jannik Sinner
100%
Under Pressure 1 259.4 Jannik Sinner
100%
6 563 Jannik Sinner
100%
6 79.34 Jannik Sinner
100%
2nd serve points won% 1 57.84 Jannik Sinner
100%
2 8.67 Novak Djokovic
100%
3 8.12 Novak Djokovic
100%
10 284.4 Novak Djokovic
100%
4 157.7 Novak Djokovic
100%
5 55.93 Novak Djokovic
100%
5 7.96 Daniil Medvedev
96%
7 156.5 Daniil Medvedev
96%
2 252.4 Daniil Medvedev
96%
9 7.58 Taylor Fritz
96%
7 293.0 Taylor Fritz
96%
3 725 Taylor Fritz
96%
7 78.43 Taylor Fritz
96%
7 55.86 Taylor Fritz
96%
7 8.18 Andrey Rublev
93%
5 578 Andrey Rublev
93%
5 8.40 Alexander Zverev
89%
2 8.13 Alexander Zverev
89%
Serve 1 300.3 Alexander Zverev
89%
Aces 1 797 Alexander Zverev
89%
6 294.0 Ben Shelton
89%
4 619 Ben Shelton
89%
9 8.06 Casper Ruud
89%
10 7.56 Casper Ruud
89%
6 235.7 Casper Ruud
89%
Return 1 165.6 Alex de Minaur
85%
2 299.5 Giovanni Mpetshi Perricard
85%
10 233.8 Giovanni Mpetshi Perricard
85%
8 532 Giovanni Mpetshi Perricard
85%
5 79.75 Giovanni Mpetshi Perricard
85%
5 236.2 Holger Rune
85%
10 55.15 Holger Rune
85%
5 157.2 Tommy Paul
85%
4 8.50 Grigor Dimitrov
81%
6 7.69 Grigor Dimitrov
81%
9 285.0 Grigor Dimitrov
81%
9 487 Grigor Dimitrov
81%
3 80.12 Grigor Dimitrov
81%
8 8.11 Stefanos Tsitsipas
81%
8 235.0 Stefanos Tsitsipas
81%
6 8.21 Lorenzo Musetti
70%
7 559 Alexander Bublik
67%
4 80.00 Reilly Opelka
67%
9 55.17 Yunchaokete Bu
67%
8 7.60 Jack Draper
59%
10 149.3 Jack Draper
59%
10 486 Jack Draper
59%
9 77.96 Jack Draper
59%
3 296.2 Matteo Berrettini
56%
10 77.96 Matteo Berrettini
56%
4 295.8 Hubert Hurkacz
52%
2 736 Hubert Hurkacz
52%
7 7.60 Tomáš Macháč
48%
7 235.0 Tomáš Macháč
48%
4 241.2 Jiří Lehečka
44%
8 152.6 Sebastián Báez
44%
9 151.1 Jaume Munar
33%
8 291.3 Brandon Nakashima
30%
6 55.87 Brandon Nakashima
30%
3 246.9 Jordan Thompson
30%
1st serve points won % 1 83.58 Milos Raonic
22%
6 156.9 Mariano Navone
19%
10 8.05 Miomir Kecmanović
19%
2 80.77 Quentin Halys
7%
8 78.32 Dominic Stricker
4%
4 56.28 Emil Ruusuvuori
4%
8 55.83 Nicolas Moreno de Alboran
4%
3 56.32 Thiago Monteiro
4%
No matching quizzes found
Score Distribution
Percent of People with Each Score
Percentile by Number Answered
Your Score History
You have not taken this quiz